000 00546nam a22001937a 4500
003 KOHA_MİRAKIL
005 20251002155055.0
008 251002b tu ||||| |||| 00| 0 tur d
020 _a9786057639233
040 _aTR-AnABB
_btur
_cTR-AnABB
041 _atur
082 _a891
_bMUR 2020
100 1 _aMurugan, Perumal,
245 1 0 _aPoonachi veya kara keçinin hikayesi /
_cPerumal Murugan
260 _aİstanbul :
_bDedalus Kitap,
_c2020
300 _a163 sayfa ;
_c20 cm
650 0 4 _aHint edebiyatı, roman
942 _2ddc
_cBK
999 _c9045
_d9045
900 _bGizem YORULMAZ